Pop Artists - Sudden Death - Statistics

General Stats
  • This quiz has been taken 162 times
  • The average score is 10 of 15
Answers on the Grid
Answers color-coded by a green-red scale on the quiz's grid according to % correct below.
Taylor Swift
Justin Bieber
Eminem
Snoop Dogg
Lil Wayne
Nicki Minaj
Sabrina Carpenter
Zach Bryan
Michael Jackson
Beyoncé
Lady Gaga
Jay-Z
Kendrick Lamar
Adele
50 Cent
Katy Perry
Ice Cube
Dr Dre
Pitbull
Olivia Rodrigo
Ed Sheeran
Madonna
DJ Khaled
Dua Lipa
Tupac Shakur
Bruno Mars
Rihanna
Harry Styles
Travis Scott
Wiz Khalifa
 
Answer Stats
Answer % Correct
Taylor Swift
98%
Justin Bieber
93%
Lady Gaga
68%
Sabrina Carpenter
68%
Katy Perry
67%
Adele
63%
Beyoncé
62%
Bruno Mars
57%
Michael Jackson
57%
Olivia Rodrigo
56%
Rihanna
56%
Dua Lipa
55%
Harry Styles
55%
Ed Sheeran
53%
Madonna
51%
No matching quizzes found
Score Distribution
Percent of People with Each Score
Percentile by Number Answered
Your Score History
You have not taken this quiz